Loading...
| Current Events | 1 | 20.00 | 100% | 0% | 100% |
| Fine Arts - Classical Music | 5 | 6.00 | 60% | 0% | 0% |
| Fine Arts - Other Fine Arts | 2 | 15.00 | 50% | 100% | 0% |
| Fine Arts - Painting and Sculpture | 5 | 16.00 | 80% | 60% | 20% |
| Geography | 1 | 10.00 | 100% | 0% | 0% |
| History - American History | 4 | 12.50 | 100% | 25% | 0% |
| History - European History | 5 | 18.00 | 100% | 40% | 40% |
| History - Other History | 6 | 10.00 | 83% | 17% | 0% |
| History - World History | 5 | 12.00 | 100% | 0% | 20% |
| Literature - American Literature | 2 | 5.00 | 50% | 0% | 0% |
| Literature - British Literature | 5 | 8.00 | 80% | 0% | 0% |
| Literature - European Literature | 3 | 13.33 | 100% | 33% | 0% |
| Literature - World Literature | 6 | 13.33 | 100% | 33% | 0% |
| Mythology | 1 | 20.00 | 100% | 0% | 100% |
| Philosophy | 3 | 6.67 | 67% | 0% | 0% |
| Pop Culture | 2 | 25.00 | 100% | 100% | 50% |
| Religion | 3 | 13.33 | 100% | 33% | 0% |
| Science - Biology | 4 | 17.50 | 100% | 25% | 50% |
| Science - Chemistry | 5 | 18.00 | 100% | 60% | 20% |
| Science - Other Science | 4 | 12.50 | 100% | 25% | 0% |
| Science - Physics | 4 | 20.00 | 100% | 75% | 25% |
| Social Science | 3 | 13.33 | 100% | 33% | 0% |